<?xml version="1.0" encoding="UTF-8"?>
<record
    xmlns:xsi="http://www.w3.org/2001/XMLSchema-instance"
    xsi:schemaLocation="http://www.loc.gov/MARC21/slim http://www.loc.gov/standards/marcxml/schema/MARC21slim.xsd"
    xmlns="http://www.loc.gov/MARC21/slim">

  <leader>04532cam a22005415i 4500</leader>
  <controlfield tag="001">21675482</controlfield>
  <controlfield tag="003">NUST</controlfield>
  <controlfield tag="005">20241029102207.0</controlfield>
  <controlfield tag="006">m    |o  d |      </controlfield>
  <controlfield tag="007">cr |||||||||||</controlfield>
  <controlfield tag="008">180409s2018    gw |||| o    |||| 0|eng  </controlfield>
  <datafield tag="010" ind1=" " ind2=" ">
    <subfield code="a">  2019743410</subfield>
  </datafield>
  <datafield tag="020" ind1=" " ind2=" ">
    <subfield code="a">9783319748207</subfield>
  </datafield>
  <datafield tag="024" ind1="7" ind2=" ">
    <subfield code="a">978-3-030-09082-1</subfield>
    <subfield code="2">https:doi.org/10.1007/978-3-319-74820-7</subfield>
  </datafield>
  <datafield tag="035" ind1=" " ind2=" ">
    <subfield code="a">(DE-He213)978-3-319-74820-7</subfield>
  </datafield>
  <datafield tag="040" ind1=" " ind2=" ">
    <subfield code="a">DLC</subfield>
    <subfield code="b">eng</subfield>
    <subfield code="e">pn</subfield>
    <subfield code="e">rda</subfield>
    <subfield code="c">DLC</subfield>
  </datafield>
  <datafield tag="072" ind1=" " ind2="7">
    <subfield code="a">PSG</subfield>
    <subfield code="2">bicssc</subfield>
  </datafield>
  <datafield tag="072" ind1=" " ind2="7">
    <subfield code="a">PSG</subfield>
    <subfield code="2">thema</subfield>
  </datafield>
  <datafield tag="072" ind1=" " ind2="7">
    <subfield code="a">TEC012010</subfield>
    <subfield code="2">bisacsh</subfield>
  </datafield>
  <datafield tag="082" ind1="0" ind2="4">
    <subfield code="a">664.024</subfield>
    <subfield code="2">23</subfield>
  </datafield>
  <datafield tag="245" ind1="0" ind2="0">
    <subfield code="a">Innovations in Technologies for Fermented Food and Beverage Industries /</subfield>
    <subfield code="c">edited by Sandeep Kumar Panda, Prathapkumar Halady Shetty.</subfield>
  </datafield>
  <datafield tag="250" ind1=" " ind2=" ">
    <subfield code="a">1st ed. 2018.</subfield>
  </datafield>
  <datafield tag="264" ind1=" " ind2="1">
    <subfield code="a">Cham :</subfield>
    <subfield code="b">Springer International Publishing :</subfield>
    <subfield code="b">Imprint: Springer,</subfield>
    <subfield code="c">2018.</subfield>
  </datafield>
  <datafield tag="300" ind1=" " ind2=" ">
    <subfield code="a">1 online resource (VIII, 339 pages 49 illustrations, 40 illustrations in color.)</subfield>
  </datafield>
  <datafield tag="336" ind1=" " ind2=" ">
    <subfield code="a">text</subfield>
    <subfield code="b">txt</subfield>
    <subfield code="2">rdacontent</subfield>
  </datafield>
  <datafield tag="337" ind1=" " ind2=" ">
    <subfield code="a">computer</subfield>
    <subfield code="b">c</subfield>
    <subfield code="2">rdamedia</subfield>
  </datafield>
  <datafield tag="338" ind1=" " ind2=" ">
    <subfield code="a">online resource</subfield>
    <subfield code="b">cr</subfield>
    <subfield code="2">rdacarrier</subfield>
  </datafield>
  <datafield tag="347" ind1=" " ind2=" ">
    <subfield code="a">text file</subfield>
    <subfield code="b">PDF</subfield>
    <subfield code="2">rda</subfield>
  </datafield>
  <datafield tag="490" ind1="1" ind2=" ">
    <subfield code="a">Food Microbiology and Food Safety</subfield>
  </datafield>
  <datafield tag="504" ind1=" " ind2=" ">
    <subfield code="6">Includes bibliographical references and index</subfield>
  </datafield>
  <datafield tag="505" ind1="0" ind2=" ">
    <subfield code="a">1 Innovative technologies and implications in food and beverage industries: an overview -- 2 Yeasts and Lactic acid bacteria as potential starter cultures for fermented foods -- 3 Advances in fermentation technology for health -- 4 Advances in fermentation technology for novel food products -- 5 Beer, Wine and Spirits : Technological interventions that benefit production, quality and economics -- 6 Alcoholic beverages: Technology for next generation marketing -- 7 Advances in probiotics, prebiotics and nutraceuticals -- 8 Probiotic milk products: Inventions towards ultramodern production plants -- 9 Non-dairy probiotic foods: Innovations and current market status -- 10 Technological Interventions in Fermented Meat Production: the Commercial Perspective -- 11 Modernisation of fermenters for large scale production in food and beverage industry -- 12 Advances in genetic engineering for higher production and quality improvement of food and beverages -- 13 Innovative and safe packaging technologies for food and beverages: updated review -- 14 Role of consumers in innovation of novel food and beverages -- 15 IPRS in respect to food and beverages -- 16 Application of computational intelligence techniques for forecasting problematic wine fermentations using data from classical chemical measurements.</subfield>
  </datafield>
  <datafield tag="520" ind1=" " ind2=" ">
    <subfield code="a">This book covers innovations in starter culture, production of health beneficial fermented food products, technological intervention in beer, wine and spirits production, marketing of alcoholic beverages, modernization of dairy plants for production of fermented dairy products, non-diary probiotics, development of automatic fermenters, and packaging technology. Furthermore, it includes genetic engineering for improved production and quality improvement of food and beverages, which allows forecasting of the quality of the final product. Specifically this includes applications of hybrid methods combining multivariate statistics and computational intelligence, the role of consumers in innovation of novel food and beverages, and IPRS in respect to food and beverages. Innovations in Technologies for Fermented Food and Beverage Industries is a resource for students, researchers, professionals in the industry, as well as governments in their efforts to adopt technologies of their interest.</subfield>
  </datafield>
  <datafield tag="588" ind1=" " ind2=" ">
    <subfield code="a">Description based on publisher-supplied MARC data.</subfield>
  </datafield>
  <datafield tag="650" ind1=" " ind2="0">
    <subfield code="a">Food-Biotechnology.</subfield>
    <subfield code="9">126555</subfield>
  </datafield>
  <datafield tag="650" ind1=" " ind2="0">
    <subfield code="a">Microbiology.</subfield>
  </datafield>
  <datafield tag="650" ind1="1" ind2="4">
    <subfield code="a">Food Microbiology.</subfield>
    <subfield code="0">https://scigraph.springernature.com/ontologies/product-market-codes/L23040</subfield>
    <subfield code="9">107740</subfield>
  </datafield>
  <datafield tag="650" ind1="2" ind2="4">
    <subfield code="a">Food Science.</subfield>
    <subfield code="0">https://scigraph.springernature.com/ontologies/product-market-codes/C15001</subfield>
    <subfield code="9">126556</subfield>
  </datafield>
  <datafield tag="700" ind1="1" ind2=" ">
    <subfield code="a">Panda, Sandeep Kumar.</subfield>
    <subfield code="e">editor.</subfield>
    <subfield code="9">126557</subfield>
  </datafield>
  <datafield tag="700" ind1="1" ind2=" ">
    <subfield code="a">Shetty, Prathapkumar Halady.</subfield>
    <subfield code="e">editor.</subfield>
    <subfield code="9">126558</subfield>
  </datafield>
  <datafield tag="700" ind1="1" ind2=" ">
    <subfield code="a">Catalouge By Rani Shaista Kanwal</subfield>
    <subfield code="9">126486</subfield>
  </datafield>
  <datafield tag="776" ind1="0" ind2="8">
    <subfield code="i">Print version:</subfield>
    <subfield code="t">Innovations in technologies for fermented food and beverage industries</subfield>
    <subfield code="z">978-3-030-09082-1</subfield>
    <subfield code="w">(DLC)  2018937645</subfield>
  </datafield>
  <datafield tag="776" ind1="0" ind2="8">
    <subfield code="i">Printed edition:</subfield>
    <subfield code="z">978-3-030-09082-1</subfield>
  </datafield>
  <datafield tag="776" ind1="0" ind2="8">
    <subfield code="i">Printed edition:</subfield>
    <subfield code="z">978-3-030-09082-1</subfield>
  </datafield>
  <datafield tag="776" ind1="0" ind2="8">
    <subfield code="i">Printed edition:</subfield>
    <subfield code="z">978-3-030-09082-1</subfield>
  </datafield>
  <datafield tag="830" ind1=" " ind2="0">
    <subfield code="a">Food Microbiology and Food Safety</subfield>
    <subfield code="9">126559</subfield>
  </datafield>
  <datafield tag="906" ind1=" " ind2=" ">
    <subfield code="a">0</subfield>
    <subfield code="b">ibc</subfield>
    <subfield code="c">origres</subfield>
    <subfield code="d">u</subfield>
    <subfield code="e">ncip</subfield>
    <subfield code="f">20</subfield>
    <subfield code="g">y-gencatlg</subfield>
  </datafield>
  <datafield tag="942" ind1=" " ind2=" ">
    <subfield code="2">ddc</subfield>
    <subfield code="c">BK</subfield>
  </datafield>
  <datafield tag="999" ind1=" " ind2=" ">
    <subfield code="c">612197</subfield>
    <subfield code="d">612197</subfield>
  </datafield>
  <datafield tag="952" ind1=" " ind2=" ">
    <subfield code="0">0</subfield>
    <subfield code="1">0</subfield>
    <subfield code="2">ddc</subfield>
    <subfield code="4">0</subfield>
    <subfield code="7">0</subfield>
    <subfield code="a">ASAB</subfield>
    <subfield code="b">ASAB</subfield>
    <subfield code="c">CART</subfield>
    <subfield code="d">2024-10-29</subfield>
    <subfield code="e">Purchase</subfield>
    <subfield code="l">0</subfield>
    <subfield code="o">664.024 Foo 2018 3503</subfield>
    <subfield code="p">ASAB3503</subfield>
    <subfield code="r">2024-10-29</subfield>
    <subfield code="w">2024-10-29</subfield>
    <subfield code="y">BK</subfield>
  </datafield>
</record>
